00000000cam 2200000zi 4500
0019.858696
003CaOODSP
00520260624085621
006m     o  d f      
007cr cn|||||||||
008180706e201807##onca    ob   f000 0 eng d
020 |a9780660271736
040 |aCaOODSP|beng|erda|cCaOODSP
043 |an-cn---
0861 |aCC172-196/2018E-PDF
24500|aSite evaluation and site preparation for new reactor facilities.
24617|iREGDOC-1.1.1, site evaluation and site preparation for new reactor facilities
250 |aVersion 1.0.
264 1|aOttawa, ON : |bCanadian Nuclear Safety Commission = Commission canadienne de sûreté nucléaire, |cJuly 2018.
300 |a1 online resource (ii, 122 pages) : |bcolour illustration.
336 |atext|btxt|2rdacontent
337 |acomputer|bc|2rdamedia
338 |aonline resource|bcr|2rdacarrier
4901 |aRegulatory document ; |vREGDOC-1.1.1
500 |aIssued also in French under title: Évaluation et préparation de l'emplacement des nouvelles installations dotées de réacteurs.
500 |aTitle from cover.
500 |aAt head of title: Reactor facilities.
504 |aIncludes bibliographical references.
520 |a"This regulatory document is part of the CNSC's reactor facilities series of regulatory documents, which also includes licence application guides for licences to construct, operate and decommission nuclear power plants. ... Regulatory document REGDOC-1.1.1, Site Evaluation and Site Preparation for New Reactor Facilities sets out requirements and guidance for site evaluation and site preparation for new reactor facilities. It also includes a licence application guide for a licence to prepare a site for new reactor facilities. This document refers to both nuclear power plants and small reactor facilities as "reactor facilities". Its content also addresses how site evaluation information obtained during site preparation activities is used and revisited in subsequent lifecycle phases of construction and operation. ..."--Preface, page i.
650 0|aNuclear facilities|xSafety regulations|zCanada.
650 0|aNuclear facilities|xLicenses|zCanada.
650 0|aNuclear facilities|zCanada|xDesign and construction.
650 0|aBuilding sites|zCanada|xEvaluation.
7102 |aCanadian Nuclear Safety Commission, |eissuing body.
77508|tÉvaluation et préparation de l’emplacement des nouvelles installations dotées de réacteurs |w(CaOODSP)9.858697
794 |tSite evaluation and site preparation for new reactor facilities.|bVersion 1.1.|w(CaOODSP)9.906762
830#0|aRegulatory document (Canadian Nuclear Safety Commission)|vREGDOC-1.1.1.|w(CaOODSP)9.505296
85640|qPDF|s906 KB|uhttps://publications.gc.ca/collections/collection_2018/ccsn-cnsc/CC172-196-2018-eng.pdf